| Record ID | ia:crystalclearhowt00chur |
| Source | Internet Archive |
| Download MARC XML | https://archive.org/download/crystalclearhowt00chur/crystalclearhowt00chur_marc.xml |
| Download MARC binary | https://www.archive.org/download/crystalclearhowt00chur/crystalclearhowt00chur_meta.mrc |
LEADER: 00673pam a2200205 a 4500
001 87040225
003 DLC
005 19881122000000.0
008 870713s1987 nyua 00010 eng
010 $a 87040225
020 $a0394756428 :$c$8.95
050 0 $aBF1442.Q35$bC48 1987
082 0 $a133$219
100 10 $aChurch, Connie,$d1955-
245 10 $aCrystal clear :$bhow to use the earth's magic energy to vitalize your body, mind, and spirit /$cby Connie Church ; illustrations by Penelope Gottlieb.
250 $a1st ed.
260 0 $aNew York :$bVillard Books,$c1987.
300 $axix, 90 p. :$bill. ;$c21 cm.
650 0 $aQuartz crystals$xMiscellanea.
650 0 $aOccultism.